000 00430 a2200109 4500
001 ART_25953
005 20260410161935.0
008 260409a
245 1 0 _aLa responsabilidad moral de las corporaciones y el relativismo cultural y ético en los negocios globales
100 1 _aMontuschi, Luisa
773 0 _tAnales de la Academia Nacional de Ciencias Económicas
_g- Vol. XLVIII, (2003) (ene. 2004)
_wREV25596
999 _c28949
_d28949